00641 2200205 4500001002100000005001700021008004100038035002400079041000800103043001600111082001200127090002300139110004500162245010800207260003300315300003100348650002900379850001200408990001500420YOGYA-0209000004475520090227030503.0 ind  0010-020900000044755 aInd aYOPDYOG [B] a338.528 aYOG 338.528bYog S aYOGYAKARTA (Daerah Istimewa). Pusat Data aStatistik harga dan beberapa indikator ekonomi Daerah Istimewa Yogyakarta 1982cPusat Data Propinsi DIY aYogyakartabPusat Datac1982 aviii, 216 hlmbilusc31 cm aStatistik Harga Konsumen aYOPDYOG a07A0026831